000 01878cam a22004934a 4500
001 13157643
003 OSt
005 20260428081318.0
008 030410s2004 caub b s001 0 eng
010 _a 2003008450
020 _a0520230728
_qalk. paper
020 _a0520237919
_qpbk. : alk. paper
020 _a9780520230729
_q(alk. paper)
020 _a9780520237919
_q(pbk. : alk. paper)
035 _a13157643
040 _aDLC
_cDLC
_dDLC
042 _apcc
050 0 0 _aHM886
_b.S58 2004
082 0 0 _a303.6
_221
245 0 0 _aSites of violence :
_bgender and conflict zones /
_cedited by Wenona Giles and Jennifer Hyndman.
260 _aBerkeley :
_bUniversity of California Press,
_cc2004.
300 _ax, 361 p. :
_bmaps ;
_c24 cm.
336 _atext
_btxt
_2rdacontent
337 _aunmediated
_bn
_2rdamedia
338 _avolume
_bnc
_2rdacarrier
504 _aIncludes bibliographical references and index.
650 0 _aViolence.
650 0 _aPolitical violence.
650 0 _aSocial conflict.
650 0 _aWomen
_xCrimes against.
650 0 _aSex role.
650 0 _aSex differences.
650 0 _aFeminist theory.
700 1 _aGiles, Wenona Mary,
_d1949-
700 1 _aHyndman, Jennifer.
856 4 2 _3Contributor biographical information
_uhttp://www.loc.gov/catdir/bios/ucal052/2003008450.html
856 4 2 _3Publisher description
_uhttp://www.loc.gov/catdir/description/ucal042/2003008450.html
856 4 1 _3Table of contents
_uhttp://www.loc.gov/catdir/toc/ecip042/2003008450.html
856 4 2 _3Book review (H-Net)
_uhttp://www.h-net.org/reviews/showrev.php?id=10351
906 _a7
_bcbc
_corignew
_d1
_eecip
_f20
_gy-gencatlg
942 _2lcc
_cBK
_n0
999 _c23721
_d23720